<?xml version="1.0" encoding="UTF-8"?>
<record
    xmlns:xsi="http://www.w3.org/2001/XMLSchema-instance"
    xsi:schemaLocation="http://www.loc.gov/MARC21/slim http://www.loc.gov/standards/marcxml/schema/MARC21slim.xsd"
    xmlns="http://www.loc.gov/MARC21/slim">

  <leader>02743nam a2200397 a 4500</leader>
  <controlfield tag="003"> </controlfield>
  <controlfield tag="005">20220630105157.0</controlfield>
  <controlfield tag="008">090717s2011    dr ac         001 0 spa d</controlfield>
  <datafield tag="020" ind1=" " ind2=" ">
    <subfield code="a">9789945004106</subfield>
  </datafield>
  <datafield tag="040" ind1=" " ind2=" ">
    <subfield code="a">BPMSU</subfield>
    <subfield code="b">spa</subfield>
    <subfield code="c">BPMSU</subfield>
  </datafield>
  <datafield tag="082" ind1=" " ind2=" ">
    <subfield code="a">321.8</subfield>
    <subfield code="b">R173B 2011</subfield>
    <subfield code="2">22</subfield>
  </datafield>
  <datafield tag="092" ind1=" " ind2=" ">
    <subfield code="a">361.61</subfield>
    <subfield code="b">J62b</subfield>
  </datafield>
  <datafield tag="100" ind1="1" ind2=" ">
    <subfield code="a">Ram&#xED;rez Morillo, Belarminio </subfield>
  </datafield>
  <datafield tag="245" ind1="0" ind2="0">
    <subfield code="a">Balaguer y Leonel :</subfield>
    <subfield code="b">animales pol&#xED;ticos en la jungla dominicana / </subfield>
    <subfield code="c"> Belarminio Ram&#xED;rez Morillo</subfield>
  </datafield>
  <datafield tag="260" ind1=" " ind2=" ">
    <subfield code="a">Santo Domingo :</subfield>
    <subfield code="b">Fundaci&#xF3;n de Estudios Sociopol&#xED;ticos, Jur&#xED;dicos y Econ&#xF3;micos, </subfield>
    <subfield code="c">2011</subfield>
  </datafield>
  <datafield tag="300" ind1=" " ind2=" ">
    <subfield code="a">778 p. :</subfield>
    <subfield code="b">il., retrs. ;</subfield>
    <subfield code="c">23 p.</subfield>
  </datafield>
  <datafield tag="500" ind1=" " ind2=" ">
    <subfield code="a">Incluye &#xED;ndice onom&#xE1;stico</subfield>
  </datafield>
  <datafield tag="505" ind1=" " ind2=" ">
    <subfield code="8">Contenidos parciales:
JOAQU&#xCD;N BALAGUER: AVE FENIX -- G&#xE9;nesis de un liderazgo 31 -- Balaguer en la era de Trujillo 65 -- La transici&#xF3;n democr&#xE1;tica 139 -- Las ideas pol&#xED;ticas de Balaguer 171 -- Construyendo el estado prospero y democr&#xE1;tico 199 -- Perfiles de su personalidad 245 -- El tribunal de la historia 303 -- LEONEL FERNANDEZ REYNA: PRECURSOR DE LA SOCIEDAD DEL CONOCIMIENTO -- Naturaleza del liderazgo de Leonel Fern&#xE1;ndez 341 -- Leonel Fern&#xE1;ndez el estadista 439 -- El l&#xED;der pol&#xED;tico partidista 501 -- La pol&#xED;tica internacional de Leonel Fern&#xE1;ndez 549 -- Consolidaci&#xF3;n democr&#xE1;tica y estado social de derecho 579 -- EL IDEARIO DE LEONEL FERNANDEZ REYNA 623 -- El pensamiento pol&#xED;tico de Leonel Fern&#xE1;ndez Reyna 625 -- Las ideas sobre pol&#xED;tica internacional de Leonel Fern&#xE1;ndez Reyna 651 -- El pensamiento jur&#xED;dico de Leonel Fern&#xE1;ndez Reyna 669 -- El pensamiento econ&#xF3;mico de Leonel Fern&#xE1;ndez Reyna 681 -- El pensamiento hist&#xF3;rico de Leonel Fern&#xE1;ndez Reyna 705 -- El pensamiento social de Leonel Fern&#xE1;ndez Reyna 719 -- El pensamiento de Leonel Fern&#xE1;ndez Reyna sobre la educaci&#xF3;n 727 -- Las ideas de Leonel Fern&#xE1;ndez Reyna sobre las tecnolog&#xED;as 737 -- Las ideas de Leonel Fern&#xE1;ndez Reyna sobre el medio ambiente y los recursos naturales 745</subfield>
  </datafield>
  <datafield tag="600" ind1="1" ind2="4">
    <subfield code="a">Balaguer Joaqu&#xED;n </subfield>
    <subfield code="d">1906-2002</subfield>
    <subfield code="x">Pensamiento pol&#xED;tico  </subfield>
  </datafield>
  <datafield tag="600" ind1="1" ind2="4">
    <subfield code="a">Fern&#xE1;ndez, Leonel </subfield>
    <subfield code="d">1953-</subfield>
    <subfield code="x">Pensamiento pol&#xED;tico </subfield>
  </datafield>
  <datafield tag="650" ind1=" " ind2="4">
    <subfield code="a">Partidos pol&#xED;ticos </subfield>
    <subfield code="z">Rep&#xFA;blica Dominicana </subfield>
    <subfield code="x"> </subfield>
  </datafield>
  <datafield tag="650" ind1=" " ind2="4">
    <subfield code="a">Presidentes </subfield>
    <subfield code="z">Rep&#xFA;blica Dominicana </subfield>
  </datafield>
  <datafield tag="650" ind1=" " ind2="4">
    <subfield code="a">Estadistas dominicanos</subfield>
  </datafield>
  <datafield tag="650" ind1=" " ind2="4">
    <subfield code="a">Democracia </subfield>
    <subfield code="z">Rep&#xFA;blica Dominicana</subfield>
  </datafield>
  <datafield tag="651" ind1=" " ind2="4">
    <subfield code="a">Resp&#xFA;blica Dominicana </subfield>
    <subfield code="x">Pol&#xED;tica y gobierno </subfield>
  </datafield>
  <datafield tag="651" ind1=" " ind2="4">
    <subfield code="a"> Rep&#xFA;blica Dominicana  </subfield>
    <subfield code="x">Integraci&#xF3;n econ&#xF3;mica.</subfield>
  </datafield>
  <datafield tag="710" ind1="1" ind2=" ">
    <subfield code="a">Fundaci&#xF3;n Joaqu&#xED;n Balaguer (Rep&#xFA;blica Dominicana)</subfield>
  </datafield>
  <datafield tag="910" ind1=" " ind2=" ">
    <subfield code="a">VMateo V</subfield>
  </datafield>
  <datafield tag="942" ind1=" " ind2=" ">
    <subfield code="2">ddc</subfield>
    <subfield code="c">BK</subfield>
  </datafield>
  <datafield tag="945" ind1=" " ind2=" ">
    <subfield code="a">T&#xED;tulo remanejado para la BNPHU</subfield>
  </datafield>
  <datafield tag="952" ind1=" " ind2=" ">
    <subfield code="0">0</subfield>
    <subfield code="1">0</subfield>
    <subfield code="2">ddc</subfield>
    <subfield code="4">0</subfield>
    <subfield code="7">0</subfield>
    <subfield code="8">CD</subfield>
    <subfield code="a">BPMET</subfield>
    <subfield code="b">BPMET</subfield>
    <subfield code="d">2021-09-01</subfield>
    <subfield code="e">BNPHU</subfield>
    <subfield code="l">0</subfield>
    <subfield code="o">BPMSU CD 321.8 R173B 2011</subfield>
    <subfield code="p">BPMSU21090018</subfield>
    <subfield code="r">2021-09-01</subfield>
    <subfield code="w">2021-09-01</subfield>
    <subfield code="y">BK</subfield>
  </datafield>
  <datafield tag="952" ind1=" " ind2=" ">
    <subfield code="0">0</subfield>
    <subfield code="1">0</subfield>
    <subfield code="2">ddc</subfield>
    <subfield code="4">0</subfield>
    <subfield code="7">0</subfield>
    <subfield code="8">CD</subfield>
    <subfield code="a">BPMET</subfield>
    <subfield code="b">BPMET</subfield>
    <subfield code="d">2021-09-01</subfield>
    <subfield code="e">BNPHU</subfield>
    <subfield code="l">0</subfield>
    <subfield code="o">BPMSU CD 321.8 R173B 2011</subfield>
    <subfield code="p">BPMSU21090019</subfield>
    <subfield code="r">2021-09-01</subfield>
    <subfield code="t">e.2</subfield>
    <subfield code="w">2021-09-01</subfield>
    <subfield code="y">BK</subfield>
  </datafield>
  <datafield tag="956" ind1=" " ind2=" ">
    <subfield code="a"> </subfield>
    <subfield code="b"> </subfield>
    <subfield code="c"> </subfield>
    <subfield code="l"> </subfield>
    <subfield code="h"> </subfield>
  </datafield>
  <datafield tag="956" ind1=" " ind2=" ">
    <subfield code="a"> </subfield>
    <subfield code="b"> </subfield>
    <subfield code="c"> </subfield>
    <subfield code="l"> </subfield>
    <subfield code="h"> </subfield>
  </datafield>
  <datafield tag="956" ind1=" " ind2=" ">
    <subfield code="a"> </subfield>
    <subfield code="b"> </subfield>
    <subfield code="c"> </subfield>
    <subfield code="l"> </subfield>
    <subfield code="h"> </subfield>
  </datafield>
  <datafield tag="956" ind1=" " ind2=" ">
    <subfield code="a"> </subfield>
    <subfield code="b">  </subfield>
    <subfield code="c"> </subfield>
    <subfield code="l"> </subfield>
    <subfield code="h"> </subfield>
  </datafield>
  <datafield tag="956" ind1=" " ind2=" ">
    <subfield code="a">VMATEO</subfield>
    <subfield code="b">10</subfield>
    <subfield code="c">20150728</subfield>
    <subfield code="l">BPMSU</subfield>
    <subfield code="h">00151</subfield>
  </datafield>
  <datafield tag="999" ind1=" " ind2=" ">
    <subfield code="c">13700</subfield>
    <subfield code="d">13700</subfield>
  </datafield>
</record>
